000 00329nam a22001337a 4500
020 _qPB.
040 _cFIZZA ISHAQ
082 _a006.31
_bMUR
100 _aKHAN,MURAD.
_929199
245 _aDEEP LEARNING CONVERGENCE TO BIG DATA ANALYTICS /
_cMURAD KHAN.
260 _aSPRINGER ;
_c2019.
300 _a79 P. ;
942 _2ddc
_cBK
999 _c589650
_d589650